000 00362 a2200169 4500
001 188684
020 _a978-85-7208-609-7
040 _cMagnum
100 _aXavier, Marcelo
240 1 0 _aO dia a dia de dadá
_lpor
245 1 0 _aO dia a dia de dadá
300 _a8
362 0 _a2009
440 1 _aFormato
697 _aLITERATURA INFANTIL
942 _cBK
999 _c188684
_d188684